| 000 | 01087cam a22002653a 4500 | ||
|---|---|---|---|
| 001 | 2830 | ||
| 003 | PGUSA | ||
| 005 | 20140828083022.0 | ||
| 008 | 010901s2001||||xxu|||||s|||||000 1 eng d | ||
| 040 |
_aPGUSA _beng |
||
| 042 | _adc | ||
| 050 | 4 | _aPR | |
| 100 | 1 |
_aSaki, _d1870-1916 |
|
| 245 | 1 | 0 |
_aReginald _h[electronic resource] / _cSaki |
| 260 |
_bProject Gutenberg, _c2001 |
||
| 505 | 0 | _aReginald on Christmas presents -- Reginald on the Academy -- Reginald at the theatre -- Reginald's peace poem -- Reginald's choir treat -- Reginald on worries -- Reginald on house-parties -- Reginald at the Carlton -- Reginald on besetting sins -- Reginald's drama -- Reginald on tariffs -- Reginald's Christmas revel -- Reginald's Rubáiyát -- The innocence of Reginald. | |
| 506 | _aPublic domain in the USA. | ||
| 516 | _aElectronic text | ||
| 653 | _aShort stories, English | ||
| 653 | _aHumorous stories, English | ||
| 653 | _aEngland -- Social life and customs -- Fiction | ||
| 830 | 0 |
_aProject Gutenberg _v2830 |
|
| 856 | 4 | 0 | _uhttp://www.gutenberg.org/ebooks/2830 |
| 942 | _cEB | ||
| 999 |
_c232162 _d232162 |
||